Państwa w języku greckim - Statystyki

Ogólne statystyki
  • Ten quiz został rozwiązany 359 razy
  • Średni wynik to 10 z 18
Statystyki odpowiedzi
Grecki Polskie % Poprawnych
Ιταλία Włochy
93%
Μάλτα Malta
89%
Ιράν Iran
75%
Σαουδική Αραβία Arabia Saudyjska
74%
Τουρκία Turcja
73%
Ομάν Oman
71%
Κούβα Kuba
63%
Πολωνία Polska
60%
Φινλανδία Finlandia
56%
Ιρλανδία Irlandia
53%
Ελλάδα Grecja
52%
Αλγερία Algieria
48%
Γαλλία Francja
46%
Κίνα Chiny
42%
Καναδάς Kanada
36%
Κύπρος Cypr
30%
Ιαπωνία Japonia
28%
γερμανικά Niemcy
27%
Nie znaleziono quizów pasujących do podanych kryteriów
Rozkład punktacji
Procent ludzi z każdym wynikiem
Percentyl według liczby udzielonych odpowiedzi
Twoja historia wyników
Nie rozwiązałeś tego quizu